000 00261nam a2200097Ia 4500
001 800444
005 20250826171019.0
008 250824s9999 xx 000 0 und d
245 0 _aKAFADAN YUMURTA ÇAKMA DEDEKTİF
_cYUSUF ASAL
260 _bUĞUR BÖCEĞİ YAYINLARI
999 _c800444
_d800444